The biology of learning: report of the dahlem workshop on the biology of learning Berlin, 1983 October 23-28 (Record no. 43408)

MARC details
000 -LEADER
fixed length control field 00435nam a2200145Ia 4500
008 - FIXED-LENGTH DATA ELEMENTS--GENERAL INFORMATION
fixed length control field 230917s9999||||xx |||||||||||||| ||und||
040 ## - CATALOGING SOURCE
-- 66385
Original cataloging agency VIVEKANANDA LIBRARY
041 ## - Language
-- English
082 ## - DDC NUMBER
Classification number 574.07 M344B
100 ## - MAIN ENTRY--PERSONAL NAME
Personal name Marler, P, ed
245 #4 - TITLE STATEMENT
Title The biology of learning: report of the dahlem workshop on the biology of learning Berlin, 1983 October 23-28
260 ## - PUBLICATION, DISTRIBUTION, ETC. (IMPRINT)
Place of publication, distribution, etc Berlin
Name of publisher, distributor, etc Springer-Verlag
Date of publication, distribution, etc 1984
300 ## - PHYSICAL DESCRIPTION
Pages x, 738 p.
942 ## - ADDED ENTRY ELEMENTS (KOHA)
Koha item type Books
Holdings
Withdrawn status Lost status Damaged status Not for loan Location (home branch) Sublocation or collection (holding branch) Date acquired Koha issues (times borrowed) Koha full call number Accession No. Koha date last seen Koha item type
        VIVEKANANDA LIBRARY VIVEKANANDA LIBRARY 17/01/2003   574.07 M344B 109886 17/09/2023 Books
© Designed and Maintained by Vivekananda Library, MDU Rohtak